le nom des atomes - Statistiques

Statistiques générales
  • Ce quiz a été pris 1 503 fois
  • Le résultat moyen est 11 sur 20
Statistiques - réponses
symbole nom % Correct
H hydrogène
97%
Fe fer
93%
Cu cuivre
91%
C carbone
90%
He Hélium
86%
Mg magnésium
86%
O oxygene
86%
Zn zinc
86%
Al aluminium
84%
Cl chlore
84%
Ca calcium
82%
Li Lithium
81%
Ag argent
79%
N azote
78%
Ne neon
77%
Ar argon
76%
Na sodium
76%
K potassium
74%
Si silicium
74%
I iode
72%
S souffre
72%
Au or
71%
F fluor
70%
Pb plomb
66%
Xe xenon
64%
B Bore
63%
Mn manganese
62%
Br brome
61%
Ni nickel
60%
Co cobalt
55%
P phosphore
55%
Kr krypton
53%
Pd palladium
52%
Cr chrome
51%
Be Béryllium
50%
Ra radium
48%
Ti titane
48%
Pt platine
46%
Po polonium
45%
Ga galium
43%
Hg mercure
43%
Fr francium
42%
W tungstène
42%
Cs cesium
40%
Ge germanium
38%
Se sélénium
37%
Zr zirconium
37%
As arsenic
36%
V vanadium
35%
Ir iridium
33%
Cd cadmium
32%
Sn etain
32%
Rb rubidium
32%
In indium
31%
Rn radon
31%
Ba baryum
30%
Mo molybdène
28%
Rh rhodium
28%
Os osmium
26%
Y yttrium
26%
Bi bismuth
25%
At astate
24%
Hf hafnium
21%
Sc scandium
21%
Tc technetium
21%
Te tellure
21%
Sb antimoine
20%
Ru rhuthenium
20%
Sr strontium
19%
Ta tantale
19%
Nb niobium
18%
Tl thallium
18%
Lu lutecium
13%
Re rhenium
13%
Aucun quiz correspondant
Distribution des résultats
% des personnes avec chaque résultat
Percentile par nombre de réponses
Votre historique - résultats
Vous n’avez pas pris ce quiz